American tanks - Statistics

General Stats
  • This quiz has been taken 2,568 times
  • The average score is 10 of 16
Answer Stats
Hint Answer % Correct
M4 Sherman
96%
M18 hellcat
73%
M1A2 Abrams
72%
M46 Patton
72%
M48 Patton
72%
M26 pershing
72%
M3 lee
70%
M22 locust
65%
M5 Stuart
64%
M24 Chaffee
61%
M10 wolverine
61%
M36 jackson
54%
M4A3E8 easy eight
47%
M41 walker bulldog
44%
M7 Priest
33%
T1 Cunningham
23%
No matching quizzes found
Score Distribution
Percent of People with Each Score
Percentile by Number Answered
Your Score History
You have not taken this quiz